Rozpoznaj ssaki na zdjęciach #1 - Statystyki

Ogólne statystyki
  • Ten quiz został rozwiązany 4 578 razy
    4 526 od ostatniego zresetowania
  • Średni wynik to 15 z 18
Statystyki odpowiedzi
Obrazkowy Odpowiedź % Poprawnych
Panda Wielka
99%
Słoń
98%
Zebra
98%
Bóbr
96%
Lama
96%
Niedźwiedź Polarny
96%
Tygrys
96%
Wielbłąd
95%
Leniwiec
94%
Pancernik
86%
Orangutan
85%
Szop pracz
83%
Bizon
81%
Borsuk
79%
Pawian
53%
Diabeł tasmański
46%
Opos
46%
Ryjówka
43%
Nie znaleziono quizów pasujących do podanych kryteriów
Rozkład punktacji
Procent ludzi z każdym wynikiem
Percentyl według liczby udzielonych odpowiedzi
Twoja historia wyników
Nie rozwiązałeś tego quizu od ostatniego zresetowania